000 00298nam a22001337a 4500
008 170908b xxu||||| |||| 00| 0 eng d
020 _a0716702606
041 _aeng
080 _a91
100 _a42
101 _aGJEO
245 _aGEOLOGY, RESOURCES AND SOCIETY
_cMENARD, H.W
942 _2udc
_cBK
999 _c26696
_d26696